• 首页
  • 本馆介绍
  • 公告通知
  • 最新文献
  • 馆藏检索
  • 电子资源
  • 读者导购
  • 参考咨询
  • 我的图书馆
  • 登录
  • 详细信息显示
  • 放入我的书架
  • 预约/预借图书
  • 作者相关作品
  • 分类相关作品
  • 丛书相关作品
  • 出版社相关作品

书目信息

  • 表格格式
  • 工作单格式
  • 卡片格式
题名:
黑非洲史
    
 
作者: 安德烈 著
分册: 第二卷  
出版信息: 上海   上海人民出版社  1974.4
页数: 195-706页
开本: 20cm
丛书名:
单 册:
中图分类: K400
科图分类:
主题词: 非洲--历史
电子资源:
ISBN:
000 00653nam0 2200217 45
001 0212180802
005 20031219104102.5
010    @dCNY2.
091    @a11171.45
100    @a20021218d1974 km y0chiy0120 ea
101 0  @achi
105    @ab z 000yy
200 1  @a黑非洲史@h第二卷@h下册@dTHE HISTORY OF BLACK AFRICA@AHei Fei Zhou Shi@f(匈)西克·安德烈著@F(Xiong)Xi Ke·An De Lie Zhu
210    @a上海@c上海人民出版社@d1974.4
215    @a195-706页@c冠图:地图,照片@d20cm
510    @aTHE HISTORY OF BLACK AFRICA
606 0  @a非洲@x历史
690    @aK400@v3
701  0 @a安德烈@4著
801    @aCN@bTSTC@c20021218
905    @f1@b219175@dK400@e6:2(1)
    
    黑非洲史.第二卷.下册=THE HISTORY OF BLACK AFRICA/(匈)西克·安德烈著.-上海:上海人民出版社,1974.4
    195-706页:冠图:地图,照片;20cm
    ←并列题名:THE HISTORY OF BLACK AFRICA
    
    ISBN :CNY2.
    
●
相关链接 在E读中查询图书 在五车中查询图书 在当当中查询图书 在豆瓣中查询图书


正题名:黑非洲史     索取号:K400/6:2(1)         预约/预借

序号 登录号 条形码 馆藏地/架位号 状态 备注
1 0219174   001750019   第二样本阅览室/ [索取号:K400/6:2(1)] 在馆    
2 0219175   001749978   密集书库/ [索取号:K400/6:2(1)] 在馆    
唐山师范学院图书馆 欢迎您!
大连网信软件有限公司© 版权所有